[Event "Goiania Regional Centro Oeste"]
[Site "Goiania"]
[Date "2019.12.01"]
[Round "5"]
[White "De Moura, Valderi Nascimento"]
[Black "Santos, Luciano da Silva"]
[Result "1/2-1/2"]
[WhiteElo "1760"]
[BlackElo "1906"]
[PlyCount "67"]
[EventDate "2019.11.29"]
[EventType "swiss"]
[EventRounds "6"]
[EventCountry "BRA"]
[SourceTitle "EXT 2021"]
[Source "ChessBase"]
[SourceDate "2020.10.23"]
[SourceVersion "1"]
[SourceVersionDate "2020.10.23"]
[SourceQuality "1"]

1. Nc3 c5 2. b3 g6 3. Bb2 Bg7 4. e4 Nc6 5. f4 d6 6. Bb5 Bd7 7. Nf3 Nd4 8. Bxd7+ Qxd7 9. 0-0 e6 10. Nxd4 Bxd4+ 11. Kh1 Ne7 12. Rb1 0-0 13. Ne2 Bxb2 14. Rxb2 d5 15. Ng3 dxe4 16. Nxe4 Qd4 17. Nc3 Rfd8 18. Na4 b5 19. Nc3 a6 20. Qf3 Nd5 21. Rbb1 Qxd2 22. Ne4 Qe3 23. Qxe3 Nxe3 24. Rf3 Nxc2 25. Rc3 Nb4 26. a3 Nd5 27. Rxc5 Nxf4 28. Rc7 Nd5 29. h4 Rac8 30. Rb7 Rc7 31. Rxc7 Nxc7 32. Rc1 Rd4 33. Nf6+ Kg7 34. Nxh7 1/2-1/2

[Event "Goiania Xeque Mate U2200 op 4th"]
[Site "Goiania"]
[Date "2019.03.09"]
[Round "1"]
[White "Colivet Gamboa, Julio Cesar"]
[Black "Santos, Luciano da Silva"]
[Result "0-1"]
[WhiteElo "1357"]
[BlackElo "1898"]
[PlyCount "32"]
[EventDate "2019.03.09"]
[EventType "swiss"]
[EventRounds "5"]
[EventCountry "BRA"]
[SourceTitle "CBM 190 Extra"]
[Source "ChessBase"]
[SourceDate "2019.07.15"]
[SourceVersion "1"]
[SourceVersionDate "2019.07.15"]
[SourceQuality "1"]

1. e4 c5 2. Nf3 g6 3. d4 cxd4 4. Nxd4 Bg7 5. Nc3 Nc6 6. Be3 Nf6 7. f3 0-0 8. Bc4 Qb6 9. Bb3 Nxe4 10. fxe4 Bxd4 11. Bxd4 Qxd4 12. Qe2 d6 13. h4 h5 14. g4 Bxg4 15. Qb5 Qe3+ 16. Ne2 Nd4 0-1

[Event "Goiania Regional-ch U2000"]
[Site "Goiania"]
[Date "2018.12.02"]
[Round "3"]
[White "Santos, Luciano da Silva"]
[Black "Santos, Abel Cardoso Dos"]
[Result "1/2-1/2"]
[WhiteElo "1874"]
[BlackElo "1748"]
[PlyCount "23"]
[EventDate "2018.12.01"]
[EventType "tourn"]
[EventRounds "9"]
[EventCountry "BRA"]
[SourceTitle "CBM 190 Extra"]
[Source "ChessBase"]
[SourceDate "2019.07.15"]
[SourceVersion "1"]
[SourceVersionDate "2019.07.15"]
[SourceQuality "1"]

1. e4 e5 2. Nf3 Nc6 3. Bc4 Bc5 4. c3 Nf6 5. d4 exd4 6. e5 d5 7. Bb5 Ne4 8. cxd4 Bb4+ 9. Nbd2 0-0 10. Bxc6 bxc6 11. Qa4 Bxd2+ 12. Nxd2 1/2-1/2

[Event "Goiania Goias op"]
[Site "Goiania"]
[Date "2018.10.20"]
[Round "3"]
[White "Garcia, Gabriel Gonzaga"]
[Black "Santos, Luciano da Silva"]
[Result "1-0"]
[WhiteElo "2204"]
[BlackElo "1895"]
[PlyCount "53"]
[EventDate "2018.10.19"]
[EventType "swiss"]
[EventRounds "6"]
[EventCountry "BRA"]
[SourceTitle "CBM 187 Extra"]
[Source "ChessBase"]
[SourceDate "2018.11.04"]
[SourceVersion "1"]
[SourceVersionDate "2018.11.04"]
[SourceQuality "1"]

1. e4 c5 2. Nf3 g6 3. d4 cxd4 4. Nxd4 Bg7 5. Nc3 Nc6 6. Be3 Nf6 7. Be2 0-0 8. Nb3 d6 9. 0-0 Be6 10. f4 Qd7 11. h3 Rac8 12. Bf3 Rfd8 13. Nd5 b6 14. Qd2 Qe8 15. c3 Nd7 16. Nd4 Na5 17. b3 Nf8 18. Rac1 Bd7 19. c4 e5 20. Nb5 Bxb5 21. cxb5 Rxc1 22. Rxc1 Qxb5 23. b4 Nb7 24. Rc7 Rb8 25. f5 Qe8 26. f6 Bh8 27. Ne7+ 1-0

[Event "Goiania Goias op"]
[Site "Goiania"]
[Date "2018.10.20"]
[Round "4"]
[White "Santos, Luciano da Silva"]
[Black "Labussiere, Yago"]
[Result "0-1"]
[WhiteElo "1895"]
[BlackElo "1937"]
[PlyCount "34"]
[EventDate "2018.10.19"]
[EventType "swiss"]
[EventRounds "6"]
[EventCountry "BRA"]
[SourceTitle "CBM 187 Extra"]
[Source "ChessBase"]
[SourceDate "2018.11.04"]
[SourceVersion "1"]
[SourceVersionDate "2018.11.04"]
[SourceQuality "1"]

1. e4 c5 2. Nf3 Nc6 3. d4 cxd4 4. Nxd4 Nf6 5. Nc3 d6 6. Be2 e5 7. Nb3 Be7 8. Be3 a5 9. a4 Be6 10. 0-0 0-0 11. f3 Nb4 12. Qd2 d5 13. exd5 Nfxd5 14. Nxd5 Nxd5 15. Bf2 Qc7 16. Bb5 Rfd8 17. Qc1 Nb4 0-1

[Event "Goiania Goias op"]
[Site "Goiania"]
[Date "2018.10.19"]
[Round "1"]
[White "Di Simoni, Rafaela Moura"]
[Black "Santos, Luciano da Silva"]
[Result "0-1"]
[WhiteElo "1504"]
[BlackElo "1895"]
[PlyCount "102"]
[EventDate "2018.10.19"]
[EventType "swiss"]
[EventRounds "6"]
[EventCountry "BRA"]
[SourceTitle "CBM 187 Extra"]
[Source "ChessBase"]
[SourceDate "2018.11.04"]
[SourceVersion "1"]
[SourceVersionDate "2018.11.04"]
[SourceQuality "1"]

1. e4 c5 2. d4 cxd4 3. c3 g6 4. cxd4 Bg7 5. Nf3 d5 6. e5 e6 7. Nc3 a6 8. Be2 Nc6 9. 0-0 Nge7 10. Bg5 0-0 11. Rc1 f6 12. exf6 Bxf6 13. Bxf6 Rxf6 14. a3 b5 15. Qc2 Qb6 16. Rfd1 Bd7 17. Qd2 Raf8 18. Rf1 Kg7 19. b3 Qa5 20. Qb2 Nf5 21. Rcd1 Qb6 22. Qd2 Rc8 23. Na2 Rc7 24. Nb4 Nfe7 25. Rfe1 Qa5 26. Nxc6 Nxc6 27. Qb2 Rf8 28. Bd3 Qb6 29. Bb1 Bc8 30. Ng5 Rf6 31. Nf3 Rcf7 32. Qc3 Bd7 33. h4 Qb8 34. h5 Qf4 35. hxg6 hxg6 36. Qe3 Qg4 37. Qg5 Rf4 38. Qxg4 Rxg4 39. Ne5 Nxe5 40. Rxe5 Rff4 41. Rc1 Rxd4 42. Rc7 Rd1+ 43. Kh2 Rxb1 44. Rxd7+ Kf6 45. Re3 d4 46. Rd3 e5 47. Rd6+ Kf5 48. Rxa6 Ke4 49. Rd2 Rg5 50. b4 Rb3 51. Ra5 Rh5+ 0-1

[Event "Goiania STD op"]
[Site "Goiania"]
[Date "2018.03.09"]
[Round "2"]
[White "Santos, Luciano da Silva"]
[Black "Passos, Rafael Moreira"]
[Result "1/2-1/2"]
[WhiteElo "1928"]
[BlackElo "1739"]
[PlyCount "63"]
[EventDate "2018.03.09"]
[EventType "swiss"]
[EventRounds "6"]
[EventCountry "BRA"]
[SourceTitle "CBM 183 Extra"]
[Source "ChessBase"]
[SourceDate "2018.04.19"]
[SourceVersion "1"]
[SourceVersionDate "2018.04.19"]
[SourceQuality "1"]

1. d4 d5 2. f4 Nf6 3. Nf3 g6 4. e3 Bg7 5. Bd3 0-0 6. 0-0 b6 7. Nbd2 Ba6 8. Qe2 Qc8 9. c3 Bxd3 10. Qxd3 Qa6 11. Qc2 Nbd7 12. e4 e6 13. e5 Ng4 14. Nb3 c5 15. h3 Nh6 16. Be3 Nf5 17. Bf2 Rac8 18. g4 Ne7 19. Nh4 f5 20. exf6 Rxf6 21. Be3 Rcf8 22. dxc5 g5 23. Ng2 gxf4 24. Rxf4 Bh6 25. Rxf6 Bxe3+ 26. Nxe3 Rxf6 27. Rf1 Rxf1+ 28. Nxf1 bxc5 29. Qf2 Qb6 30. Ng3 c4 31. Nd4 e5 32. Ndf5 1/2-1/2

[Event "Goiania Regional-ch"]
[Site "Goiania"]
[Date "2017.12.03"]
[Round "10"]
[White "Mourao, Igor AC Lofredo"]
[Black "Santos, Luciano da Silva"]
[Result "1/2-1/2"]
[WhiteElo "2122"]
[BlackElo "1924"]
[PlyCount "28"]
[EventDate "2017.11.24"]
[EventType "tourn"]
[EventRounds "10"]
[EventCountry "BRA"]
[SourceTitle "EXT 2019"]
[Source "ChessBase"]
[SourceDate "2018.10.10"]
[SourceVersion "1"]
[SourceVersionDate "2018.10.10"]
[SourceQuality "1"]

1. e4 c5 2. Nc3 Nc6 3. g3 g6 4. Bg2 Bg7 5. Nge2 e6 6. d3 Nge7 7. Be3 Nd4 8. Qd2 d6 9. Nd1 Rb8 10. c3 Ndc6 11. Bh6 Bf6 12. Bg5 Bg7 13. Bh6 Bf6 14. Bg5 Bg7 1/2-1/2

[Event "Goiania Regional-ch"]
[Site "Goiania"]
[Date "2017.11.24"]
[Round "1"]
[White "Santos, Luciano da Silva"]
[Black "De Souza Sa, Apolo"]
[Result "1-0"]
[WhiteElo "1924"]
[BlackElo "1875"]
[PlyCount "87"]
[EventDate "2017.11.24"]
[EventType "tourn"]
[EventRounds "10"]
[EventCountry "BRA"]
[SourceTitle "EXT 2019"]
[Source "ChessBase"]
[SourceDate "2018.10.10"]
[SourceVersion "1"]
[SourceVersionDate "2018.10.10"]
[SourceQuality "1"]

1. Nc3 Nf6 2. d4 g6 3. e4 d6 4. f4 Bg7 5. Nf3 c5 6. dxc5 Qa5 7. Qd4 Nc6 8. Bb5 Qxb5 9. Qxf6 Qf1+ 10. Rxf1 Bxf6 11. cxd6 Nb4 12. Rf2 exd6 13. a3 Bxc3+ 14. bxc3 Nc6 15. Rd2 Kd7 16. a4 Na5 17. Rd4 Nc6 18. Rd3 Na5 19. Nd2 Ke6 20. Ba3 Rd8 21. Bb4 Nc6 22. Nc4 d5 23. Rad1 Re8 24. exd5+ Kf6+ 25. Kf2 Nxb4 26. cxb4 Bf5 27. R3d2 Re4 28. Rd4 Rxd4 29. Rxd4 Bxc2 30. a5 Rd8 31. g4 g5 32. fxg5+ Kxg5 33. Kg3 Bb3 34. Ne3 h5 35. gxh5 Kxh5 36. Kf4 Kg6 37. Rd3 Ba2 38. Ke5 Rd7 39. Ra3 Bb1 40. Rb3 Re7+ 41. Kd6 Re4 42. Rxb1 Rxe3 43. Kd7 Rd3 44. d6 1-0

[Event "Goiania FEXEG Cup"]
[Site "Goiania"]
[Date "2017.10.27"]
[Round "1"]
[White "Campos, Otavio Moraes"]
[Black "Santos, Luciano da Silva"]
[Result "1/2-1/2"]
[WhiteElo "1723"]
[BlackElo "1942"]
[PlyCount "49"]
[EventDate "2017.10.27"]
[EventType "swiss"]
[EventRounds "6"]
[EventCountry "BRA"]
[SourceTitle "CBM 181 Extra"]
[Source "ChessBase"]
[SourceDate "2017.12.12"]
[SourceVersion "1"]
[SourceVersionDate "2017.12.12"]
[SourceQuality "1"]

1. c4 c5 2. Nc3 g6 3. g3 Bg7 4. Bg2 Nc6 5. Nf3 e6 6. d3 Nge7 7. Bf4 d6 8. Qd2 0-0 9. Nb5 e5 10. Bh6 Nf5 11. Bxg7 Kxg7 12. h4 h5 13. Ng5 f6 14. Ne4 a6 15. Na3 Be6 16. Nc2 Nfd4 17. Nxd4 Nxd4 18. 0-0 Rb8 19. e3 Nc6 20. a3 a5 21. Rab1 a4 22. Nc3 Ra8 23. Qc2 Qa5 24. Nb5 Qd8 25. Nc3 1/2-1/2

[Event "Goiania FEXEG Cup"]
[Site "Goiania"]
[Date "2017.10.27"]
[Round "2"]
[White "Santos, Luciano da Silva"]
[Black "Labussiere, Yago"]
[Result "1/2-1/2"]
[WhiteElo "1942"]
[BlackElo "1929"]
[PlyCount "33"]
[EventDate "2017.10.27"]
[EventType "swiss"]
[EventRounds "6"]
[EventCountry "BRA"]
[SourceTitle "CBM 181 Extra"]
[Source "ChessBase"]
[SourceDate "2017.12.12"]
[SourceVersion "1"]
[SourceVersionDate "2017.12.12"]
[SourceQuality "1"]

1. e4 c5 2. Nf3 Nc6 3. c4 g6 4. d4 cxd4 5. Nxd4 Nf6 6. Nc3 Nxd4 7. Qxd4 d6 8. Be2 Bg7 9. 0-0 0-0 10. Qd3 a5 11. Be3 a4 12. Rab1 Qa5 13. Bd4 Be6 14. Nd5 Nxd5 15. cxd5 Bd7 16. Bxg7 Kxg7 17. Qc3+ 1/2-1/2

[Event "Goiania op"]
[Site "Goiania"]
[Date "2017.05.26"]
[Round "2"]
[White "Garcia, Gabriel Gonzaga"]
[Black "Santos, Luciano da Silva"]
[Result "0-1"]
[WhiteElo "2211"]
[BlackElo "1888"]
[PlyCount "100"]
[EventDate "2017.05.26"]
[EventType "swiss"]
[EventRounds "6"]
[EventCountry "BRA"]
[SourceTitle "CBM 178 Extra"]
[Source "ChessBase"]
[SourceDate "2017.06.22"]
[SourceVersion "1"]
[SourceVersionDate "2017.06.22"]
[SourceQuality "1"]

1. e4 c5 2. Nf3 Nc6 3. Bb5 d6 4. d4 cxd4 5. Qxd4 Bd7 6. Bxc6 Bxc6 7. Bg5 Qc7 8. Nc3 e5 9. Qd3 h6 10. Be3 Nf6 11. 0-0-0 Be7 12. h3 a6 13. Nd2 b5 14. Nd5 Bxd5 15. exd5 Rc8 16. g4 Nxd5 17. Ne4 Nb4 18. Qb3 Nxc2 19. Kb1 Nxe3 20. fxe3 0-0 21. Rhf1 Qb6 22. Rf2 Qc6 23. Nc3 Bh4 24. Rf5 g6 25. Rff1 Kg7 26. Nd5 Qc4 27. Nb4 Qxb3 28. axb3 a5 29. Nc2 Rc6 30. Rd5 Rb8 31. Na3 Rcb6 32. e4 R8b7 33. Rfd1 Be7 34. Rc1 Kf6 35. Rf1+ Ke6 36. Rf3 Bg5 37. Kc2 Bf4 38. Kd3 f5 39. gxf5+ gxf5 40. Rf2 fxe4+ 41. Kxe4 Rg7 42. Nxb5 Rg3 43. Nc7+ Kd7 44. Nb5 Re3+ 45. Kf5 Kc6 46. Ke6 Rxb5 47. Rc2+ Rc5 48. Rxd6+ Kb5 49. Rxc5+ Kxc5 50. Rd5+ Kb4 0-1

[Event "Caldas Novas op 1st"]
[Site "Caldas Novas"]
[Date "2017.03.12"]
[Round "6"]
[White "Mariano, Marceley Martins"]
[Black "Santos, Luciano da Silva"]
[Result "1-0"]
[WhiteElo "2098"]
[BlackElo "1880"]
[PlyCount "71"]
[EventDate "2017.03.10"]
[EventType "swiss"]
[EventRounds "6"]
[EventCountry "BRA"]
[SourceTitle "CBM 177 Extra"]
[Source "ChessBase"]
[SourceDate "2017.04.27"]
[SourceVersion "1"]
[SourceVersionDate "2017.04.27"]
[SourceQuality "1"]

1. e4 c5 2. Nf3 Nc6 3. d4 cxd4 4. Nxd4 g6 5. Bc4 Bg7 6. Be3 Nf6 7. Nc3 0-0 8. Bb3 Ng4 9. Nxc6 dxc6 10. Qxd8 Rxd8 11. Bc5 Kf8 12. h3 Nh6 13. f4 b6 14. Be3 Ba6 15. Kf2 Bd4 16. Rhd1 Bxe3+ 17. Kxe3 Ng8 18. e5 Bb7 19. a4 a6 20. a5 b5 21. Ne4 Rxd1 22. Rxd1 c5 23. Nxc5 Bxg2 24. Rd2 Bc6 25. Bd5 Bxd5 26. Rxd5 Ke8 27. Kd4 Nh6 28. Kc3 Nf5 29. Kb4 Ne3 30. Rd3 Nxc2+ 31. Kb3 Ne1 32. Rg3 h5 33. h4 Rd8 34. Nxa6 Nd3 35. Nc7+ Kf8 36. a6 1-0

[Event "Caldas Novas op 1st"]
[Site "Caldas Novas"]
[Date "2017.03.11"]
[Round "2"]
[White "Santos, Luciano da Silva"]
[Black "Campos, Otavio Moraes"]
[Result "1-0"]
[WhiteElo "1880"]
[BlackElo "1718"]
[PlyCount "81"]
[EventDate "2017.03.10"]
[EventType "swiss"]
[EventRounds "6"]
[EventCountry "BRA"]
[SourceTitle "CBM 177 Extra"]
[Source "ChessBase"]
[SourceDate "2017.04.27"]
[SourceVersion "1"]
[SourceVersionDate "2017.04.27"]
[SourceQuality "1"]

1. e4 c5 2. Nf3 e6 3. c4 d6 4. Nc3 Nf6 5. Be2 Be7 6. 0-0 0-0 7. d4 cxd4 8. Nxd4 Nbd7 9. Be3 a6 10. Qd2 Nc5 11. f3 Qc7 12. Rac1 Rd8 13. Rfd1 e5 14. Nc2 Be6 15. Nd5 Bxd5 16. cxd5 Qb8 17. Ne1 h6 18. Rc2 b5 19. Nd3 Nxd3 20. Bxd3 Rc8 21. Rdc1 Rxc2 22. Qxc2 g5 23. Qc6 Qf8 24. Kf2 Nh5 25. g3 Nf6 26. g4 Qd8 27. Bb6 Qe8 28. Qc7 Rb8 29. Be3 Qd8 30. Qc6 Qa5 31. Qc7 Qxc7 32. Rxc7 Bd8 33. Rc6 Be7 34. Rxa6 Nd7 35. Ra7 Rd8 36. Bxb5 Rb8 37. a4 Nc5 38. Bxc5 Bd8 39. Be3 Rc8 40. Bc6 Rb8 41. Ra8 1-0

[Event "Goiania-ch"]
[Site "Goiania"]
[Date "2016.11.27"]
[Round "4"]
[White "Garcia, Gabriel Gonzaga"]
[Black "Santos, Luciano da Silva"]
[Result "1-0"]
[WhiteElo "2175"]
[BlackElo "1879"]
[PlyCount "63"]
[EventDate "2016.11.26"]
[EventType "tourn"]
[EventRounds "9"]
[EventCountry "BRA"]
[SourceTitle "EXT 2018"]
[Source "ChessBase"]
[SourceDate "2017.10.13"]
[SourceVersion "1"]
[SourceVersionDate "2017.10.13"]
[SourceQuality "1"]

1. e4 c5 2. Nf3 d6 3. d4 cxd4 4. Qxd4 a6 5. c4 Nc6 6. Qd2 Nf6 7. Nc3 g6 8. b3 Bg7 9. Bb2 0-0 10. Be2 Qa5 11. Nd5 Qxd2+ 12. Nxd2 Nxd5 13. Bxg7 Kxg7 14. cxd5 Nd4 15. Rc1 Nxe2 16. Kxe2 b5 17. Rc7 Kf6 18. Ke3 Rb8 19. f4 Rb7 20. Rhc1 Rxc7 21. Rxc7 Re8 22. Nf3 Bg4 23. e5+ dxe5 24. fxe5+ Kg7 25. Ng5 h6 26. Ne4 Kf8 27. Kd4 Rc8 28. d6 Rxc7 29. dxc7 Ke8 30. Nc5 Bc8 31. Kd5 Kf8 32. Kc6 1-0

[Event "Goiania Goias Cup"]
[Site "Goiania"]
[Date "2016.10.14"]
[Round "2"]
[White "Santos, Luciano da Silva"]
[Black "Campos, Otavio Moraes"]
[Result "1/2-1/2"]
[WhiteElo "1886"]
[BlackElo "1702"]
[PlyCount "48"]
[EventDate "2016.10.14"]
[EventType "swiss"]
[EventRounds "6"]
[EventCountry "BRA"]
[SourceTitle "CBM 175 Extra"]
[Source "ChessBase"]
[SourceDate "2016.12.12"]
[SourceVersion "1"]
[SourceVersionDate "2016.12.12"]
[SourceQuality "1"]

1. d4 Nf6 2. f4 d6 3. Nf3 g6 4. e3 Bg7 5. Bd3 0-0 6. 0-0 Nbd7 7. c3 b6 8. Qe2 Bb7 9. Nbd2 Re8 10. e4 e5 11. fxe5 dxe5 12. d5 Nc5 13. Bc2 c6 14. b4 Ncd7 15. c4 cxd5 16. cxd5 Nxd5 17. Bb3 Nxb4 18. Qc4 Nd5 19. exd5 Rc8 20. Qb4 e4 21. Rb1 exf3 22. Nxf3 Nf6 23. Bg5 h6 24. Bxf6 Qxf6 1/2-1/2